=LDR 00000nam 2200000 4500 =001 INLIS000000000056628 =005 20200929083612 =035 ##$$a 0010-0920000259 =008 200929################g##########0#ind## =041 ##$$a Ind =082 ##$$a 304.209 598 7 =090 ##$$a 550.095 988, Per p =245 ##$$a Perkampungan diperkotaan sebagai wujud proses adaptasi sosial ( Kehidupan diperkampunagan miskin di Kota Ambon ) /$c Drs. Boetje TH. Malessye dkk.; editor, Djenen Bale =260 ##$$a Ambon :$b Depdikbud Direktorat sejarah dan Nilai Sejarah,$c 1986 =650 #4$$a Ekologi Manusia - Maluku =850 ##$$a NBPNMAT =084 ##$$a 304.209 598 7 PER p =300 ##$$a vi, 62 hlm. ; $c 23 x 15 cm. =990 ##$$a 3199200146